| 000 | 01322cam a2200337 i 4500 | ||
|---|---|---|---|
| 001 | 016734087 | ||
| 003 | EG-ScBUE | ||
| 005 | 20240314103358.0 | ||
| 008 | 140428s2014 enkbo f b 001 0 eng d | ||
| 020 | _a9781782401322 (hbk.) | ||
| 040 |
_aStDuBDS _beng _erda _cStDuBDS _dUk _dEG-ScBUE |
||
| 043 | _af-ua--- | ||
| 082 | 0 | 4 |
_a932 _bSEC _222 |
| 245 | 0 | 0 |
_a30-second ancient Egypt : _bthe 50 most important achievements of a timeless civilization, each explained in half a minute / _ceditor Peter Der Manuelian ; contributors, Rachel Aronin [and five others] |
| 246 | 3 | 0 | _aAncient Egypt |
| 246 | 3 |
_aThirty-second ancient Egypt : _bthe 50 most important achievements of a timeless civilization, each explained in half a minute |
|
| 264 | 1 |
_aLewes : _bIvy Press, _c2014. |
|
| 300 |
_a160 pages : _bphotographs (color), maps (color) ; _c24 cm |
||
| 336 |
_2rdacontent _atext _btxt |
||
| 337 |
_aunmediated _2rdamedia _bn |
||
| 338 |
_avolume _bnc _2rdacarrier |
||
| 504 | _aIncludes bibliographical references and index. | ||
| 650 | _2BUEsh | ||
| 651 | 7 |
_aEgypt _xHistory _yTo 332 B.C. _2BUEsh |
|
| 651 | 7 |
_aEgypt _xCivilization _yTo 332 B.C. _2BUEsh |
|
| 653 |
_bBUSBOL _cFebruary2016 |
||
| 655 | _vReading book | ||
| 700 | 1 |
_aDer Manuelian, Peter, _eeditor. |
|
| 700 | 1 |
_aAronis, Rachel, _econtributor. |
|
| 942 |
_2ddc _cBB |
||
| 999 |
_c21240 _d21212 |
||